[Event "AUTO-ELITE-2594"]
[Site "http://www.queenalice.com/game.php?id=1863270"]
[Date "2025.9.21"]
[Round "1"]
[White "trompmaster"]
[Black "acid"]
[Result "0-1"]
[WhiteElo "2365"]
[BlackElo "2692"]

1. Nf3 d5 2. g3 Nf6 3. Bg2 c5 4. O-O e6 5. c4 d4 6. d3 Nc6 7. e3 Bd6 8. exd4
cxd4 9. Bg5 h6 10. Bxf6 Qxf6 11. Nbd2 Qe7 12. Re1 O-O 13. a3 a5 14. Nb3 Qf6 15.
Nfd2 Bc7 16. Bxc6 bxc6 17. Qf3 e5 18. Qxf6 gxf6 19. Kg2 Bd6 20. Ne4 Be7 21. f4
Ra7 22. a4 Rb7 23. Nxa5 Rxb2+ 24. Kg1 Bb4 25. Nxc6 Bxe1 26. Rxe1 Bb7 27. Ne7+
Kh8 28. Nd5 exf4 29. Nxf4 Re8 30. Rc1 Bxe4 31. dxe4 Rxe4 32. a5 Re3 33. Ra1 d3
34. Ng2 Ree2 35. Nf4 Rxh2 36. Nxd3 Rbg2+ 37. Kf1 Rc2 38. Kg1 Rcg2+ 39. Kf1 Rh1+
40. Kxg2 Rxa1 41. Kf3 Kg7 42. a6 Rxa6 43. Ke4 Re6+ 44. Kd5 Re3 45. Nf4 Kf8 46.
Kd6 Rxg3 47. c5 Rg4 48. Nd5 Rd4 49. Kc6 h5 50. Kd6 Ke8 51. c6 Rxd5+ 52. Kxd5 Kd8
53. Ke4 Kc7 54. Kf4 Kxc6 0-1

[Event "AUTO-ELITE-2568"]
[Site "http://www.queenalice.com/game.php?id=1865346"]
[Date "2025.11.8"]
[Round "2"]
[White "acid"]
[Black "Sexxy_Bunny"]
[Result "1/2-1/2"]
[WhiteElo "2698"]
[BlackElo "2615"]

1. c4 e5 2. g3 Nf6 3. Bg2 d5 4. cxd5 Nxd5 5. Nf3 Nc6 6. O-O Nb6 7. b3 Be7 8. Bb2
f6 9. Nc3 O-O 10. Qc1 Bg4 11. Rd1 Qc8 12. Ba3 Bd6 13. Bb2 Be7 14. Ba3 Bd6 15.
Qb2 Rd8 16. Rac1 Qe6 17. d3 Qe7 18. Bxd6 cxd6 19. b4 d5 20. b5 Na5 21. e3 Be6
22. Qd2 a6 23. Rb1 Qe8 24. h4 axb5 25. Rdc1 Rdc8 26. h5 Rc5 27. h6 gxh6 28. Nh4
Rac8 29. Kh2 Qc6 30. Ne2 Ra8 31. Nc3 Rc8 32. Ne2 Ra8 33. Rc3 Na4 34. Rxc5 Qxc5
35. Bh3 Bxh3 36. Kxh3 Qc8+ 37. Kg2 Qd7 38. Qb4 b6 39. Qxb5 Qxb5 40. Rxb5 Kf7 41.
Rxd5 Ke6 42. Rb5 Nb7 43. Nf3 Nd6 44. Rb1 Nc5 45. Rxb6 Rxa2 46. Nc1 Ra6 47. Rb2
Ra3 48. Ne1 Kf7 49. Rc2 Ne6 50. Ne2 h5 51. Nc3 Ra5 52. Rb2 Nc5 53. Rc2 1/2-1/2

[Event "AUTO-ELITE-2568"]
[Site "http://www.queenalice.com/game.php?id=1865347"]
[Date "2025.11.8"]
[Round "2"]
[White "Sexxy_Bunny"]
[Black "acid"]
[Result "1/2-1/2"]
[WhiteElo "2656"]
[BlackElo "2705"]

1. e4 d6 2. d4 Nf6 3. Nc3 e5 4. Nf3 Nbd7 5. Bc4 Be7 6. O-O O-O 7. Re1 exd4 8.
Nxd4 Re8 9. a4 Ne5 10. Ba2 Bg4 11. f3 Bd7 12. Be3 c5 13. Nde2 a6 14. Nf4 b5 15.
a5 Bc6 16. Ncd5 Nxd5 17. Nxd5 Rb8 18. Re2 Kh8 19. Kh1 Bh4 20. Bg1 Qxa5 21. b4
Qd8 22. bxc5 dxc5 23. Bxc5 Rb7 24. Qf1 a5 25. Rd1 Rd7 26. Red2 h6 27. Bd4 Ng6
28. c3 Bg5 29. f4 Bxd5 30. Bxd5 Bxf4 31. Rf2 Qh4 32. Qg1 Qg4 33. h3 Qh4 34. Bc6
Rxd4 35. cxd4 Rc8 36. Rc2 a4 37. e5 Ne7 38. Be4 Rxc2 39. Bxc2 Nd5 40. Rf1 Ne3
41. Qf2 Qg5 42. e6 Nxf1 43. e7 Qxe7 44. Qxf4 Qe8 45. Qxf1 b4 46. Qf5 g6 47. Qe4
Qb5 48. Bd3 Qg5 49. Qe5+ Qxe5 50. dxe5 b3 51. Bc4 Kg7 52. g4 f6 53. e6 b2 54.
Ba2 Kf8 55. Kg2 Ke7 56. Kf3 a3 57. Kf4 b1=B 58. Bxb1 Kxe6 59. Ba2+ Ke7 60. h4
g5+ 61. hxg5 fxg5+ 62. Kf5 h5 63. gxh5 g4 64. Kxg4 Kf6 65. Kf3 Kg5 66. Ke3 Kxh5
67. Kd3 Kg6 68. Kc3 Kf5 69. Kb4 Ke4 70. Kxa3 Kd3 71. Bc4+ Kxc4 72. Ka4 1/2-1/2

[Event "AUTO-ELITE-2568"]
[Site "http://www.queenalice.com/game.php?id=1865348"]
[Date "2025.11.8"]
[Round "2"]
[White "acid"]
[Black "trompmaster"]
[Result "1-0"]
[WhiteElo "2703"]
[BlackElo "2452"]

1. Nf3 d5 2. d4 Nf6 3. c4 c6 4. Nc3 dxc4 5. a4 Bf5 6. Ne5 e6 7. f3 Bb4 8. e4
Bxe4 9. fxe4 Nxe4 10. Bd2 Qxd4 11. Nxe4 Qxe4+ 12. Qe2 Bxd2+ 13. Kxd2 Qd5+ 14.
Kc1 Qc5 15. Ra3 O-O 16. Qe3 Qxe3+ 17. Rxe3 b5 18. g4 f6 19. Nf3 Nd7 20. Rxe6
Rac8 21. Nd4 Ne5 22. g5 Rce8 23. Rxe8 Rxe8 24. gxf6 Rd8 25. Ne6 Rd6 26. Bh3 Nd3+
27. Kb1 gxf6 28. Rg1+ Kh8 29. a5 Rd5 30. Rf1 Nb4 31. Bg4 h5 32. Be2 Rd2 33. Nf4
h4 34. Rd1 Rxd1+ 35. Bxd1 f5 36. Ng6+ Kg7 37. Nxh4 Kf6 38. Bf3 c5 39. Ng2 Nd3
40. Bc6 b4 41. Kc2 f4 42. Bd5 Kg5 43. Bxc4 Ne5 44. Bd5 f3 45. Ne3 Kh4 46. b3 Kh3
47. Nf1 a6 48. Kd1 f2 49. Ke2 c4 50. bxc4 b3 51. Kxf2 b2 52. Nd2 Ng4+ 53. Kf3
Nxh2+ 54. Kf4 Nf1 55. Nb1 Ng3 56. Bf3 1-0

[Event "AUTO-ELITE-2568"]
[Site "http://www.queenalice.com/game.php?id=1865349"]
[Date "2025.11.8"]
[Round "2"]
[White "trompmaster"]
[Black "acid"]
[Result "0-1"]
[WhiteElo "2454"]
[BlackElo "2702"]

1. d4 Nf6 2. c3 d5 3. Nd2 Bf5 4. Qb3 Qc8 5. Ngf3 h6 6. c4 e6 7. e3 a5 8. Bd3 a4
9. Qc2 Bxd3 10. Qxd3 Be7 11. O-O O-O 12. b3 Rd8 13. bxa4 b6 14. Ne5 c5 15. Bb2
Rxa4 16. Qc2 Qa6 17. cxd5 Nxd5 18. Ne4 c4 19. a3 Bf8 20. Rfb1 Nd7 21. Nxd7 Rxd7
22. Ng3 c3 23. Bxc3 Rc7 24. Rb3 Bb4 25. Rxb4 Rxb4 26. Qd1 Rbc4 27. Be1 Qa4 28.
Qb1 Rc1 29. Qxc1 Rxc1 30. Rxc1 Qxa3 31. Rc8+ Kh7 32. Ne2 b5 33. Kf1 f5 34. Bd2
b4 35. Bc1 Qd3 36. Ke1 b3 37. Nf4 Qa6 38. Rb8 Nxf4 39. exf4 Qa1 40. Kd1 Qc3 41.
Bd2 Qc2+ 42. Ke2 b2 0-1

[Event "AUTO-ELITE-2564"]
[Site "http://www.queenalice.com/game.php?id=1866213"]
[Date "2025.11.26"]
[Round "2"]
[White "Sexxy_Bunny"]
[Black "acid"]
[Result "1/2-1/2"]
[WhiteElo "2655"]
[BlackElo "2704"]

1. e4 e5 2. Nf3 Nc6 3. Bb5 a6 4. Ba4 Nf6 5. O-O Be7 6. Re1 b5 7. Bb3 O-O 8. c3
d5 9. exd5 Nxd5 10. Nxe5 Nxe5 11. Rxe5 c6 12. d4 Bd6 13. Re1 Qh4 14. g3 Qh3 15.
Be3 Ra7 16. Qf3 Re7 17. Nd2 Rfe8 18. Bxd5 cxd5 19. a4 bxa4 20. Rxa4 h6 21. Ra5
Bb7 22. Nf1 Re4 23. Raa1 Bc8 24. Ra5 Bb7 25. Raa1 Bc8 26. Ra5 Bb7 1/2-1/2

[Event "AUTO-ELITE-2564"]
[Site "http://www.queenalice.com/game.php?id=1866214"]
[Date "2025.11.26"]
[Round "2"]
[White "acid"]
[Black "Sexxy_Bunny"]
[Result "1/2-1/2"]
[WhiteElo "2706"]
[BlackElo "2655"]

1. e4 c5 2. Nc3 Nc6 3. Nf3 e6 4. d4 cxd4 5. Nxd4 Qc7 6. Be3 a6 7. Qf3 Nf6 8.
O-O-O Ne5 9. Qg3 b5 10. f4 Neg4 11. Bg1 h5 12. e5 b4 13. Na4 Nd5 14. h3 Nh6 15.
f5 Bb7 16. Bd3 Be7 17. Kb1 h4 18. Qe1 Nf4 19. Be4 Nxg2 20. Qe2 Nf4 21. Qf3 Bxe4
22. Qxe4 Nd5 23. f6 gxf6 24. exf6 Bxf6 25. Nxe6 fxe6 26. Rxd5 Qc6 27. Nb6 Bd8
28. Qg6+ Nf7 29. Rxd7 Rf8 30. Rd1 Bxb6 31. Bxb6 Qxb6 32. Rhe1 Ke7 33. Rf1 Ra7
34. b3 a5 35. Qg7 Ke8 36. Qg6 Rd7 37. Rxd7 Kxd7 38. Rxf7+ Rxf7 39. Qxf7+ 1/2-1/2

[Event "AUTO-ELITE-2604"]
[Site "http://www.queenalice.com/game.php?id=1867410"]
[Date "2025.12.28"]
[Round "1"]
[White "arvo1938"]
[Black "acid"]
[Result "0-1"]
[WhiteElo "2238"]
[BlackElo "2708"]

1. d4 c5 2. Nf3 cxd4 3. Nxd4 d5 4. Bf4 f6 5. Nb3 e5 6. Bg3 Nc6 7. e3 Be6 8. Bb5
Qb6 9. Bd3 a5 10. Qc1 Nh6 11. O-O Be7 12. c4 Nb4 13. Be2 Nxa2 14. Rxa2 Qxb3 15.
Nc3 dxc4 16. Bd1 Qb6 17. Ba4+ Kf7 18. Nb5 Nf5 19. Nc3 Rad8 20. Ne4 g6 21. Ra1
Kg7 22. Bc2 h5 23. h3 Nxg3 24. Nxg3 Qc7 25. Ba4 Rd5 26. Ne2 b5 27. Bd1 Rd7 28.
Nc3 b4 29. Ne4 f5 30. Ng3 Rhd8 31. Ne2 Rd2 32. Ng3 c3 33. bxc3 Qxc3 34. Qxc3
bxc3 35. Ba4 h4 36. Nh1 Bb4 37. f4 R8d3 38. fxe5 Bc5 39. Kh2 Bd5 40. Rg1 Bxe3
0-1

[Event "AUTO-ELITE-2604"]
[Site "http://www.queenalice.com/game.php?id=1867411"]
[Date "2025.12.28"]
[Round "1"]
[White "acid"]
[Black "arvo1938"]
[Result "1-0"]
[WhiteElo "2706"]
[BlackElo "2239"]

1. e4 c5 2. Nc3 d6 3. Nf3 e5 4. Bc4 Be7 5. d3 Nf6 6. Bg5 O-O 7. Bxf6 Bxf6 8. Nd5
Bg4 9. a4 Nd7 10. O-O Nb6 11. Ne3 Bxf3 12. Qxf3 Nxc4 13. dxc4 Bg5 14. Nd5 Qd7
15. Qh5 Bd8 16. Ra3 a6 17. Rh3 h6 18. Rd1 Qxa4 19. Qg4 Bg5 20. Qxg5 f6 21. Qg4
Kh8 22. Rg3 Rf7 23. Qg6 Qxc2 24. Ne3 Qxb2 25. Qxf7 Rg8 26. Nf5 Qe2 27. Rf1 Qxe4
28. Rxg7 Qxg2+ 29. Kxg2 Rxg7+ 30. Qxg7# 1-0

[Event "AUTO-ELITE-2604"]
[Site "http://www.queenalice.com/game.php?id=1867414"]
[Date "2025.12.28"]
[Round "1"]
[White "raulzampronha"]
[Black "acid"]
[Result "0-1"]
[WhiteElo "2281"]
[BlackElo "2705"]

1. e4 e5 2. Nf3 Nc6 3. d4 exd4 4. Nxd4 Nf6 5. Nxc6 bxc6 6. e5 Qe7 7. Qe2 Nd5 8.
c4 Ba6 9. b3 g6 10. f4 d6 11. Qf2 Nf6 12. Be2 dxe5 13. Ba3 Qe6 14. O-O Ne4 15.
Qe1 Bxa3 16. Nxa3 O-O-O 17. Bf3 Nd2 18. Rf2 Qd6 0-1

[Event "AUTO-ELITE-2604"]
[Site "http://www.queenalice.com/game.php?id=1867415"]
[Date "2025.12.28"]
[Round "1"]
[White "acid"]
[Black "raulzampronha"]
[Result "1-0"]
[WhiteElo "2709"]
[BlackElo "2249"]

1. e4 c5 2. f4 Nc6 3. Nf3 e6 4. Bb5 Nge7 5. O-O a6 6. Be2 d5 7. d3 g6 8. Na3 Bg7
9. c3 O-O 10. Nc2 b5 11. Be3 d4 12. Bf2 dxc3 13. bxc3 Bxc3 14. Bxc5 Bxa1 15.
Qxa1 f6 16. Ne3 Bd7 17. Ng4 Kg7 18. e5 f5 19. Nf6 Qc7 20. h4 Rfc8 21. h5 Ng8 22.
d4 Nce7 23. Qe1 Nd5 24. Nxd5 exd5 25. hxg6 hxg6 26. Ng5 Qd8 27. Rf3 Rxc5 28.
dxc5 Qe7 29. Rh3 Qxc5+ 30. Kh2 Kf8 31. Rh8 1-0

[Event "AUTO-ELITE-2552"]
[Site "http://www.queenalice.com/game.php?id=1867419"]
[Date "2025.12.29"]
[Round "4"]
[White "acid"]
[Black "gizmokaka"]
[Result "1/2-1/2"]
[WhiteElo "2708"]
[BlackElo "2851"]

1. e4 e5 2. f4 exf4 3. Bc4 Nf6 4. Nc3 c6 5. d4 d5 6. exd5 cxd5 7. Bb5+ Bd7 8.
Bxf4 Bxb5 9. Nxb5 Qa5+ 10. Nc3 Bb4 11. Ne2 O-O 12. O-O Nbd7 13. a3 Bxc3 14. Nxc3
Rac8 15. Qd3 Qb6 16. Nd1 Qc6 17. Ne3 Rfe8 18. h3 Nf8 19. c3 Ng6 20. Qf5 h6 21.
Rae1 Nxf4 22. Qxf4 Re4 23. Qg3 Rce8 24. Nf5 Nh5 25. Qf2 Qg6 26. Nh4 Qf6 27. Rxe4
Rxe4 28. Qxf6 Nxf6 29. Nf3 Kf8 30. a4 Ke7 31. a5 Re2 32. Rf2 Rxf2 33. Kxf2 Nd7
34. Ke3 f5 35. h4 Kf6 36. b3 g5 37. g3 Nb8 38. Ne5 Ke7 39. Nf3 Kf6 40. Ne5 Ke7
41. Nf3 Kf6 1/2-1/2

[Event "AUTO-ELITE-2552"]
[Site "http://www.queenalice.com/game.php?id=1867420"]
[Date "2025.12.29"]
[Round "4"]
[White "gizmokaka"]
[Black "acid"]
[Result "1/2-1/2"]
[WhiteElo "2848"]
[BlackElo "2711"]

1. d4 c5 2. d5 Nf6 3. c4 b5 4. cxb5 a6 5. e3 Bb7 6. Nc3 Qa5 7. Bd2 axb5 8. Bxb5
Qb6 9. a4 Nxd5 10. Nf3 e6 11. O-O Be7 12. e4 Nb4 13. Bf4 N8c6 14. Ne5 Qd8 15. h3
Nxe5 16. Bxe5 O-O 17. Bxd7 c4 18. Qg4 g6 19. Rad1 Nd3 20. Bb5 Qa5 21. Qg3 Ba6
22. Rd2 Nxe5 23. Qxe5 Bxb5 24. axb5 Rfd8 25. Rfd1 Rxd2 26. Rxd2 Qa7 27. Qf4 Rd8
28. e5 Rxd2 29. Qxd2 Qa5 30. Qd1 Bb4 31. Ne4 Qxb5 32. Qd8+ Kg7 33. Qf6+ Kg8 34.
Qd8+ Kg7 35. Qf6+ Kg8 36. g3 Bf8 37. Nd6 Bxd6 38. exd6 Qd5 39. Qd8+ Kg7 40. Qc8
Qd1+ 41. Kg2 Qd5+ 42. Kg1 Qd1+ 43. Kg2 Qd5+ 44. Kg1 1/2-1/2

[Event "AUTO-ELITE-2605"]
[Site "http://www.queenalice.com/game.php?id=1867529"]
[Date "2026.1.4"]
[Round "1"]
[White "JailtonMaster"]
[Black "acid"]
[Result "0-1"]
[WhiteElo "2220"]
[BlackElo "2710"]

1. d4 Nf6 2. c4 e6 3. Nf3 d5 4. Bg5 dxc4 5. e4 b5 6. e5 h6 7. Bh4 g5 8. Nxg5
hxg5 9. Bxg5 Be7 10. exf6 Bxf6 11. Qf3 Bxg5 12. Qxa8 Qxd4 13. Qxb8 O-O 14. Be2
Qc5 15. Qa8 Qb4+ 16. Nc3 Bd2+ 17. Kf1 Qxb2 18. Rb1 Qxc3 19. Qe4 e5 20. h4 Qd4
21. Qc2 a6 22. a4 c6 23. g4 Be6 24. Rh3 b4 25. Rd1 c3 26. Rd3 b3 27. Qxd2 cxd2
28. Rxd4 exd4 29. Rxd2 c5 30. Bxa6 c4 31. Rxd4 b2 32. Rd1 c3 33. Bd3 Bc4 34. Ke2
c2 0-1

[Event "AUTO-ELITE-2605"]
[Site "http://www.queenalice.com/game.php?id=1867530"]
[Date "2026.1.4"]
[Round "1"]
[White "acid"]
[Black "JailtonMaster"]
[Result "1-0"]
[WhiteElo "2707"]
[BlackElo "2224"]

1. c4 Nf6 2. Nf3 d5 3. cxd5 Nxd5 4. d4 e6 5. e4 Nf6 6. Nc3 Be7 7. Bf4 O-O 8. Qc2
c6 9. Rd1 Nbd7 10. Bd3 b6 11. e5 Nd5 12. Nxd5 cxd5 13. Bxh7+ Kh8 14. Bd3 f6 15.
O-O fxe5 16. Nxe5 Nxe5 17. Bxe5 Bf6 18. Qe2 Qe8 19. Qg4 Kg8 20. Bg6 Qd8 21. Qh5
1-0

[Event "AUTO-ELITE-2594"]
[Site "http://www.queenalice.com/game.php?id=1868099"]
[Date "2026.1.17"]
[Round "2"]
[White "Cerberus"]
[Black "acid"]
[Result "1/2-1/2"]
[WhiteElo "2721"]
[BlackElo "2711"]

1. d4 Nf6 2. c4 e6 3. Nc3 Bb4 4. e3 O-O 5. Bd3 d5 6. a3 dxc4 7. Bxc4 Bxc3+ 8.
bxc3 c5 9. Ne2 Qc7 10. Ba2 b6 11. O-O Nc6 12. Bb2 Na5 13. Qd3 Bb7 14. f3 Rac8
15. Rac1 c4 16. Qd2 Nb3 17. Bxb3 cxb3 18. c4 Ba6 19. Rc3 Qc6 20. Rfc1 Qa4 21. d5
Bxc4 22. e4 h6 23. Nd4 Rc5 24. Re3 Rfc8 25. Rd1 Kh7 26. Qf2 b5 27. Qe1 R5c7 28.
h3 a5 29. d6 Ra7 30. f4 b4 31. Ra1 Qd7 32. a4 Ra6 33. Nf3 Qa7 34. Rd1 Nxe4 35.
Bd4 Qb7 36. Rxe4 Bd5 37. Qg3 f6 38. Ree1 Rxd6 39. Bb2 Rc2 40. f5 e5 41. Qg6+ Kh8
42. Qe8+ Kh7 1/2-1/2

[Event "AUTO-ELITE-2594"]
[Site "http://www.queenalice.com/game.php?id=1868100"]
[Date "2026.1.17"]
[Round "2"]
[White "acid"]
[Black "Cerberus"]
[Result "1/2-1/2"]
[WhiteElo "2711"]
[BlackElo "2721"]

1. e4 c6 2. d4 d5 3. e5 c5 4. Nf3 cxd4 5. Nxd4 Nc6 6. Nxc6 bxc6 7. Bd3 e6 8. Nd2
Ne7 9. O-O a5 10. Nf3 Ng6 11. Re1 Ba6 12. Bxg6 hxg6 13. Bg5 Qb6 14. Rb1 Qb7 15.
c3 c5 16. b3 Bb5 17. a3 Qd7 18. Qd2 Bc6 19. Qf4 a4 20. b4 d4 21. Rec1 Bd5 22. c4
Bb7 23. Rd1 Qc6 24. Qg3 Qc8 25. Qg4 Qc6 26. Rb2 Qc8 27. b5 Be7 28. Bxe7 Bxf3 29.
Qxf3 Kxe7 30. b6 Rb8 31. Rb5 Rd8 32. Kf1 Qb7 33. Ke2 Qxf3+ 34. Kxf3 g5 35. Rdb1
Rdc8 36. Ke4 f5+ 37. Kd3 Rc6 38. h3 g6 39. b7 Rc7 40. Kd2 Kd8 41. Rb6 Ke7 42. g3
Kd7 43. Rd6+ 1/2-1/2

[Event "AUTO-ELITE-2594"]
[Site "http://www.queenalice.com/game.php?id=1868101"]
[Date "2026.1.17"]
[Round "2"]
[White "Sexxy_Bunny"]
[Black "acid"]
[Result "1/2-1/2"]
[WhiteElo "2690"]
[BlackElo "2709"]

1. e4 e5 2. Nf3 Nc6 3. Bb5 Nf6 4. O-O Nxe4 5. d4 Nd6 6. Bxc6 dxc6 7. dxe5 Nf5 8.
Qxd8+ Kxd8 9. Nc3 Be7 10. h3 Nh4 11. Nxh4 Bxh4 12. Be3 Ke8 13. Ne2 h5 14. Rad1
Be7 15. Rfe1 Bd7 16. a4 Rd8 17. a5 h4 18. c3 b6 19. Ra1 c5 20. axb6 axb6 21. Ra7
Rh5 22. f4 Rc8 23. c4 Be6 24. b3 Kd7 25. Nc3 Kc6 26. Nb5 Rhh8 27. Rd1 Rhd8 28.
Rxd8 Bxd8 29. Kf2 Be7 30. Bd2 Bd7 31. Be1 g6 32. Ke3 Bf5 33. Kf3 Bd7 34. Ra2 Kb7
35. Nc3 Rh8 36. Nd5 Bd8 37. Rd2 Bc8 38. Nf6 Bxf6 39. exf6 b5 40. cxb5 Be6 41. f5
Bxf5 42. Re2 Be6 43. Re5 Rh5 44. Rxh5 gxh5 45. Kf4 Bxb3 46. Kg5 Bd5 47. Kxh5
Bxg2 48. Kxh4 Kb6 49. Kg4 Kxb5 50. h4 Kc4 51. Kg5 Kd3 52. Kh6 Ke2 53. Ba5 Bf3
54. Bxc7 c4 55. Kg7 Bh5 56. Kh6 Bg4 57. Kg5 Bf3 58. h5 c3 59. Bd6 Kd3 60. h6 Be4
61. Kf4 c2 62. Ba3 Kd4 63. Bb2+ Kd5 64. Ba3 Bd3 65. Bc1 1/2-1/2

[Event "AUTO-ELITE-2594"]
[Site "http://www.queenalice.com/game.php?id=1868102"]
[Date "2026.1.17"]
[Round "2"]
[White "acid"]
[Black "Sexxy_Bunny"]
[Result "1/2-1/2"]
[WhiteElo "2708"]
[BlackElo "2688"]

1. Nf3 d5 2. d4 Nf6 3. c4 e6 4. g3 Bb4+ 5. Bd2 Be7 6. Qc2 O-O 7. Bg2 c6 8. O-O
Nbd7 9. Bf4 b6 10. Rd1 Bb7 11. Ne5 Nh5 12. Bd2 Nhf6 13. Bf4 Nh5 14. Bd2 Nhf6 15.
Bf4 1/2-1/2

[Event "AUTO-ELITE-2604"]
[Site "http://www.queenalice.com/game.php?id=1870164"]
[Date "2026.3.7"]
[Round "2"]
[White "WoodpusherKid"]
[Black "acid"]
[Result "1/2-1/2"]
[WhiteElo "2693"]
[BlackElo "2714"]

1. e4 c5 2. Nf3 d6 3. d4 cxd4 4. Nxd4 Nf6 5. Nc3 a6 6. h3 e6 7. g4 d5 8. Nde2
Bc5 9. exd5 Qb6 10. Be3 Bxe3 11. fxe3 Qxb2 12. Rb1 Qa3 13. dxe6 Bxe6 14. Bg2 Nc6
15. Rxb7 Na5 16. Rb3 Nxb3 17. Bxa8 O-O 18. Bg2 Na5 19. O-O Nc4 20. Qd4 Qa5 21.
Rd1 Na3 22. Nf4 Nxc2 23. Qd3 Qe5 24. Ne4 Nxe4 25. Qxe4 Qxe4 26. Bxe4 Nxe3 27.
Re1 Nc4 28. Nxe6 fxe6 29. Bd3 Nd2 30. Rxe6 Rf3 31. Rd6 Rxh3 32. Bxa6 Ra3 33. Bc8
Ne4 34. Ra6 Re3 35. Be6+ Kf8 36. Kg2 Nc5 37. Ra8+ Ke7 38. Bg8 h6 39. a4 Ra3 40.
Ra7+ Kf6 41. Rf7+ Ke5 42. Rxg7 Rxa4 1/2-1/2

[Event "AUTO-ELITE-2604"]
[Site "http://www.queenalice.com/game.php?id=1870165"]
[Date "2026.3.7"]
[Round "2"]
[White "acid"]
[Black "WoodpusherKid"]
[Result "1-0"]
[WhiteElo "2714"]
[BlackElo "2693"]

1. c4 e5 2. g3 Nf6 3. Bg2 Bc5 4. d3 O-O 5. Nc3 Re8 6. Nf3 d5 7. cxd5 Nxd5 8. Qb3
Nb6 9. Bg5 Qd7 10. O-O Nc6 11. Ne4 Bf8 12. Rfc1 a5 13. Nc5 Qd6 14. Be3 a4 15.
Qd1 Qd8 16. Bg5 Qd6 17. Bd2 h6 18. Ne1 Qg6 19. e3 Nd8 20. a3 c6 21. b3 Bg4 22.
Qc2 Bxc5 23. Qxc5 Nd7 24. Qc2 axb3 25. Qxb3 Qh5 26. a4 Bh3 27. a5 Bxg2 28. Kxg2
e4 29. dxe4 Nc5 30. Qc2 Nxe4 31. Nf3 Ne6 32. Qxe4 Ng5 33. Nxg5 Rxe4 34. Nxe4 Qe5
35. f3 Qb2 36. Rd1 Rd8 37. g4 Rd5 38. h3 f6 39. Rab1 Qc2 40. Kg3 h5 41. Rbc1 Qb2
42. Kf2 Qa2 43. Rb1 hxg4 44. hxg4 Rxa5 45. Rxb7 Rd5 46. Ke1 Re5 47. Bc3 Rxe4 48.
fxe4 1-0

[Event "AUTO-ELITE-2552"]
[Site "http://www.queenalice.com/game.php?id=1870229"]
[Date "2026.3.7"]
[Round "5"]
[White "mestreRJ"]
[Black "acid"]
[Result "1/2-1/2"]
[WhiteElo "2692"]
[BlackElo "2722"]

1. e4 c5 2. c3 Nf6 3. e5 Nd5 4. d4 cxd4 5. Nf3 Nc6 6. cxd4 d6 7. Bc4 Nb6 8. Bb5
dxe5 9. Nxe5 Bd7 10. Nxd7 Qxd7 11. Nc3 e6 12. O-O Rd8 13. Be3 Be7 14. Qg4 O-O
15. Rad1 g6 16. Qf3 Nd5 17. Nxd5 Qxd5 18. Qxd5 Rxd5 19. Bc4 Rd6 20. d5 Na5 21.
Be2 exd5 22. Bf3 Rfd8 23. Bc5 Re6 24. Bxa7 Ra6 25. Be3 Nc4 26. Bc1 Rxa2 27. b3
Na3 28. Rxd5 Rxd5 29. Bxd5 Nb1 30. g3 Nc3 31. Bxb7 Ne2+ 32. Kg2 Nxc1 33. Rxc1
1/2-1/2

[Event "AUTO-ELITE-2552"]
[Site "http://www.queenalice.com/game.php?id=1870230"]
[Date "2026.3.7"]
[Round "5"]
[White "acid"]
[Black "mestreRJ"]
[Result "1/2-1/2"]
[WhiteElo "2714"]
[BlackElo "2692"]

1. e4 e6 2. d4 d5 3. Nc3 dxe4 4. Nxe4 Nd7 5. Nf3 Ngf6 6. Nxf6+ Nxf6 7. Be3 Bd6
8. Bd3 b6 9. Qe2 Bb7 10. O-O-O O-O 11. Rhe1 Nd5 12. Kb1 Nxe3 13. fxe3 Qe7 14. e4
e5 15. Bc4 Rae8 16. c3 c6 17. d5 cxd5 18. Bxd5 Bc8 19. h3 a5 20. Rf1 Bc5 21. g4
Bd7 22. a3 Rd8 23. Nd2 Ba4 24. Rc1 Be8 25. Rf3 b5 26. b4 Bb6 27. Nb3 Qc7 1/2-1/2